Normal view
MARC view
- Ahmed Aitzaz Khan Wattoo, Muhammad Rizwan
Entry Personal Name
001 - CONTROL NUMBER
- control field: 92925
003 - CONTROL NUMBER IDENTIFIER
- control field: NUST
005 - DATE AND TIME OF LATEST TRANSACTION
- control field: 20220705112106.0
008 - FIXED-LENGTH DATA ELEMENTS
- fixed length control field: 220705|| aca||aabn | a|a d
040 ## - CATALOGING SOURCE
- Original cataloging agency: NUST
- Transcribing agency: NUST
100 ## - HEADING--PERSONAL NAME
- Personal name: Ahmed Aitzaz Khan Wattoo, Muhammad Rizwan
670 ## - SOURCE DATA FOUND
- Source citation: Work cat.: (NUST)11312: Muhammad Waleed Khalid 51443, Digital Energy Meter, 2012
